000 01173nam a2200277Ia 4500
003 OSt
005 20221002044433.0
006 a|||||r|||| 00| 0
007 ta
008 220930b |||||||| |||| 00| 0 hin d
020 _a8183151604
_c4000
024 _a113919
037 _b180, 03/02/2012, Vidyanidhi Prakashan
_cReference Collections
040 _aCRL
_cCRL
_bhin
041 _2hin
_ahin
082 _aO15:gx1,1k, 152Q2.1-.2(RR)
100 _aत्रिपाठी, राधावल्लभ
245 0 _aनाटयशास्त्र विश्वकोश
260 _aदिल्ली
_b न्यू भारतीय बुक भारत भारत
_c2012
490 _vखण्ड़ - 2
650 _a नाट्यशास्त्र-विश्वकोश
_9569333
650 _a नाट्यशास्त्र-विश्वकोश
_9569333
650 _aसंस्कृत साहित्य
942 _hO15:gx1,1k, 152Q2.1-.2(RR)
_cref
_2CC
999 _c910347
_d910347